Jurisprudencia ambiental. Recursos de protección años 2016 a 2020
Sparad:
| Huvudupphovsman: | |
|---|---|
| Materialtyp: | Okänd |
| Språk: | engelska |
| Publicerad: |
Santiago, Chile
Hammurabi
2021
|
| Upplaga: | 1a.edición |
| Ämnen: | |
| Taggar: |
Lägg till en tagg
Inga taggar, Lägg till första taggen!
|
MARC
| LEADER | 00000 a2200000 4500 | ||
|---|---|---|---|
| 003 | CL-VaPUC | ||
| 005 | 20211112105128.0 | ||
| 008 | 211103b2021 ||||| |||| 00| 0 eng d | ||
| 999 | |c 433791 |d 433789 | ||
| 020 | |a 9789566072355 | ||
| 040 | |c Pontificia Universidad Católica de Valparaíso | ||
| 082 | |a 344.83046 LEP 2021 |2 22 | ||
| 100 | 1 | |a Leppe Guzmán, Juan Pablo |9 863829 |e selección |e edición |e comentarios | |
| 245 | 1 | |a Jurisprudencia ambiental. |b Recursos de protección años 2016 a 2020 | |
| 250 | |a 1a.edición | ||
| 260 | |a Santiago, Chile |b Hammurabi |c 2021 | ||
| 300 | |a 481 páginas | ||
| 583 | |k Cristina María Rojas Aguilar |c 20211103 | ||
| 650 | 0 | |a Derecho ambiental |9 257835 | |
| 650 | 0 | |a Recursos de protección ambiental |9 589374 |y 2016-2020 | |
| 942 | |2 ddc |c BK | ||
| 952 | |0 0 |1 0 |2 ddc |4 0 |6 344_830460000000000_LEP_2021 |7 0 |8 A |9 579100 |a BIBDER |b BIBDER |d 2021-11-02 |e 22 |g 50000.00 |i 5624681 |o 344.83046 LEP 2021 |p 5624681 |r 2023-01-25 |t 1 |v 50000.00 |w 2021-11-02 |y BK |k DER | ||